| 000 | 00436nam a22001457a 4500 | ||
|---|---|---|---|
| 999 |
_c3841 _d3841 |
||
| 008 | 200703b ||||| |||| 00| 0 eng d | ||
| 082 | 0 | 0 |
_a669.05 _bH6361 |
| 100 |
_9826 _aHiggins, Raymond A. |
||
| 245 | 1 | 0 |
_aEngineering metallurgy: applied physical metallurgy- Part 1 / _cby Raymond A. Higgins |
| 250 | _a5th ed. | ||
| 260 |
_aLondon _bEnglish Language Book Society _c1983 |
||
| 300 | _avii, 559 p. | ||
| 650 | 0 | _aMetallurgy | |
| 942 | _cBK | ||